000 01684aam a2200433 i 4500
001 768714001
003 CO-MdFUSB
005 20230209172703.0
007 ta
007 cr ua aaaaa
008 160825t2002 sp |||| |||| 00| 0 spa d
020 _a9788482673349
_qimpreso
020 _a 9788482676302.
_qelectrónico
040 _cCO-MdFUSB
_bspa.
_aCO-MdFUSB
_dCO-MdFUSBC
_erda
041 _aspa
_heng
082 0 4 _a230.0415
_223
_bL154t
100 1 _aLadd, George Eldon (1911-1982)
_eautor
240 _aA theology of the New Testament
245 1 0 _aTeología del Nuevo Testamento
_c/ George Eldon Ladd
_h[físico y electrónico]
264 1 _aBarcelona , España :
_bCLIE,
_c[2005]
264 4 _c© 2005
300 _a885 páginas
_c; 23 cm
336 _atexto
_btxt
_2rdacontent
337 _2rdamedia
_asin mediación
_bn
337 _2rdamedia
_ainformático
_bc
338 _2rdacarrier
_avolumen
_bnc
338 _2rdacarrier
_aremoto
_bcr
505 _aLos evangelios sinópticos - El cuarto evangelio - La iglesia primitiva - Pablo - Hebreos y las epístolas generales - El Apocalipsis
506 _aPréstamo en biblioteca del libro físico
506 _aSolicitar clave y usuario para acceder al libro electrónico.
506 _aLibro multiusuario
563 _aRústico
630 7 _aBiblia.
_pNuevo Testamento
_xTeología
856 _b2168354
_uhttps://search.ebscohost.com/login.aspx?direct=true&db=nlebk&AN=2168354&lang=es&site=ehost-live
_zAbrir Versión electrónica del libro Teología del Nuevo Testamento
942 _cBK
945 _aJTF-925
999 _c42601
_d42601